Composition Juventus finale ligue des champions 2015 - Statistiques

Statistiques générales
  • Ce quiz a été pris 837 fois
  • Le résultat moyen est 8 sur 12
Statistiques - réponses
Numéro Joueur % Correct
1 (cap) Buffon
99%
19 Bonucci
90%
6 Pogba
85%
21 Pirlo
77%
15 Barzagli
76%
8 Marchisio
74%
10 Tévez
68%
9 Morata
67%
Entraîneur Allegri
64%
33 Evra
52%
23 Vidal
52%
26 Lichtsteiner
32%
Aucun quiz correspondant
Distribution des résultats
% des personnes avec chaque résultat
Percentile par nombre de réponses
Votre historique - résultats
Vous n’avez pas pris ce quiz